15 größte Städte Kanada - Statistiken

Allgemein
  • Dieses Quiz wurde 45 mal gespielt
  • Das Durchschnittsergebnis liegt bei 9 aus 15
Antwortstatistiken
Einwohner Antwort % Korrekt
2.794.000 Toronto
100%
1.069.000 Ottawa
97%
1.945.000 Montreal
92%
662.000 Vancouver
92%
1.239.000 Calgary
77%
933.000 Edmonton
72%
733.000 Québec
69%
349.000 Halifax
59%
759.000 Winnipeg
56%
423.000 London
44%
730.000 Hamilton
31%
722.000 Mississauga
28%
523.000 Kitchener
21%
363.000 Victoria
18%
307.000 Windsor
10%
Keine übereinstimmenden Quizze gefunden
Verteilung der Resultate
Anzahl Personen mit jedem Resultat
Perzentil nach korrekt beantworteten Fragen
Ihre Resultats-Entwicklung
Sie haben dieses Quiz noch nicht gespielt